000 00453nam a2200181Ia 4500
003 LK-CoDNM
008 010623t1886 xxu||||| |||| 00| 1 eng d
040 _aLK-CoDNM
_dLK-CoDNM
_eLK-CoDNM
041 _aeng
080 _a7 F 6
245 _aThe Mahabharata
260 _bPratap Chandra Ray
_aCalcutta
_c1886
300 _bXVII,562P., 21 cm
650 _aIndian History
650 _aKrishna Dwaipayana Vyasa
650 _aUdyoga Parva
942 _cBK
999 _c82718
_d82718